| 000 | 00852nas a2200229 a 4500 | ||
|---|---|---|---|
| 005 | 20260317133558.0 | ||
| 007 | ta | ||
| 008 | 241025e1997 dr q||||r||||||0| spa d | ||
| 040 |
_aDO-SdBNP _cBNPHU _erda |
||
| 041 | _hspa | ||
| 110 | 2 |
_aBanco de Reservas de la República Dominicana _96285 |
|
| 245 |
_aBanReservas : _bla revista / _cBanco de Reservas de la República Dominicana |
||
| 246 | _aBanReservas | ||
| 246 | _aRevista | ||
| 260 |
_aSanto Domingo, República Dominicana : _bBanco de Reservas, _c1997. |
||
| 300 |
_avolumen : _bilustraciones, fotografías, gráficas ; _c28 cm. |
||
| 310 | _aTrimestral. | ||
| 362 | _aAño 1. Número 1. 1997. | ||
| 610 | 0 |
_aBanco de Reservas _977966 _vPublicaciones periódicas _zRepública Dominicana |
|
| 650 | 0 |
_aCultura _zRepública Dominicana _vPublicaciones periódicas _989224 |
|
| 942 |
_2ddc _cISSUE |
||
| 999 |
_c57938 _d57938 |
||